Landmarks of India by picture #3 - Statistics

General Stats
  • This quiz has been taken 46 times
  • The average score is 5 of 15
Answer Stats
Picture Answer % Correct
Chhatrapati Shivaji Terminus
80%
Antilia
61%
Gir National Park
61%
Darjeeling Himalayan Railway
46%
Mysore Palace
46%
Dal Lake
41%
Buland Darwaza
39%
Rann of Kutch
37%
Badrinath Temple
24%
Tso Moriri
22%
Nanda Devi
15%
Deekshabhoomi
12%
Hogenakkal Falls
2%
{Brihadeswara} Temple
0%
Living Roots Bridges
0%
No matching quizzes found
Score Distribution
Percent of People with Each Score
Percentile by Number Answered
Your Score History
You have not taken this quiz